Rembrandt Hundert Handzeichnungen (Record no. 2376)

MARC details
000 -CABECERA
campo de control de longitud fija 00605nam a2200205 a 4500
001 - NÚMERO DE CONTROL
campo de control BRCA_2636
005 - FECHA Y HORA DE LA ÚLTIMA TRANSACCIÓN
campo de control 20190320203911.0
008 - DATOS DE LONGITUD FIJA--INFORMACIÓN GENERAL
campo de control de longitud fija 011208s1913----gw-a---###---#000-0#ger-#
041 ## - CÓDIGO DE LENGUA
Código de lengua del texto/banda sonora o título independiente ger
044 ## - CÓDIGO DEL PAÍS DE LA ENTIDAD EDITORA/PRODUCTORA
Código MARC del país gw
050 #4 - SIGNATURA TOPOGRÁFICA DE LA BIBLIOTECA DEL CONGRESO
Número de clasificación NC263
Número de documento/Ítem .R46 1913
100 1# - ENTRADA PRINCIPAL--NOMBRE DE PERSONA
Nombre de persona Rembrandt, Harmenszoon van Rijn
Fechas asociadas al nombre 1606-1669
9 (RLIN) 7376
245 10 - MENCIÓN DE TÍTULO
Título Rembrandt Hundert Handzeichnungen
Mención de responsabilidad, etc. Harmensz van Rijn.
260 ## - PUBLICACIÓN, DISTRIBUCIÓN, ETC.
Lugar de publicación, distribución, etc. Leipzig, Alemania
Nombre del editor, distribuidor, etc. A. Schumann´s
Fecha de publicación, distribución, etc. 1913
300 ## - DESCRIPCIÓN FÍSICA
Extensión 1 v. (sin paginación)
Otras características físicas il., 100 láminas en portafolio
Dimensiones 35 cm.
500 ## - NOTA GENERAL
Nota general A93
650 14 - PUNTO DE ACCESO ADICIONAL DE MATERIA--TÉRMINO DE MATERIA
Término de materia o nombre geográfico como elemento de entrada Dibujos holandeses
9 (RLIN) 7502
902 ## - CATALOGADOR
Iniciales GFM
942 ## - ELEMENTOS DE PUNTO DE ACCESO ADICIONAL (KOHA)
Fuente del sistema de clasificación o colocación Library of Congress Classification
Tipo de ítem Koha Libros
Holdings
Estado de retiro Estado de pérdida Estado dañado No para préstamo Localización permanente Ubicación/localización actual Fecha de adquisición Número de inventario Total de préstamos Signatura topográfica completa Código de barras Fecha visto por última vez Precio válido a partir de Tipo de ítem Koha
El ejemplar forma parte de la colección y puede ser consultado según las políticas vigentes.       Biblioteca del Museo Franz Mayer (Rogerio Casas-Alatriste) Biblioteca del Museo Franz Mayer (Rogerio Casas-Alatriste) 01/12/2008 A93   NC263 .R46 1913 (A93) 2633 22/03/2019 22/03/2019 Libros